The selection of chemical fertilizer rate for rainy season rice in Bakan district;​ការ​ជ្រើសរើសកម្រិតជីគីមីសមស្របសំរាប់ដំណាំស្រូវរដូវវស្សាក្នុងស្រុកបាកាន (Record no. 10547)

000 -LEADER
fixed length control field 00604nam a22001337a 4500
040 ## - CATALOGING SOURCE
Transcribing agency RUA
082 ## - DEWEY DECIMAL CLASSIFICATION NUMBER
Classification number AGR LYB 2015 B518 Or.
100 ## - MAIN ENTRY--AUTHOR NAME
Personal name LY BUNKORB;លី ប៊ុនកប
245 ## - TITLE STATEMENT
Title The selection of chemical fertilizer rate for rainy season rice in Bakan district;​ការ​ជ្រើសរើសកម្រិតជីគីមីសមស្របសំរាប់ដំណាំស្រូវរដូវវស្សាក្នុងស្រុកបាកាន
260 ## - PUBLICATION, DISTRIBUTION, ETC. (IMPRINT)
Place of publication Phnom Penh
Name of publisher RUA
Year of publication 2015
300 ## - PHYSICAL DESCRIPTION
Number of Pages xiii; 54p;
Dimensions ill;
Accompanying material 29cm
856 ## - ELECTRONIC LOCATION AND ACCESS
Uniform Resource Identifier LY BUNKORB
942 ## - ADDED ENTRY ELEMENTS (KOHA)
Koha item type AGR
952 ## - LOCATION AND ITEM INFORMATION (KOHA)
Withdrawn status [LOCAL, KOHA] 0
952 ## - LOCATION AND ITEM INFORMATION (KOHA)
Withdrawn status [LOCAL, KOHA] 0
952 ## - LOCATION AND ITEM INFORMATION (KOHA)
Withdrawn status [LOCAL, KOHA] 0
952 ## - LOCATION AND ITEM INFORMATION (KOHA)
Withdrawn status [LOCAL, KOHA] 0
952 ## - LOCATION AND ITEM INFORMATION (KOHA)
Withdrawn status [LOCAL, KOHA] 0
952 ## - LOCATION AND ITEM INFORMATION (KOHA)
Withdrawn status [LOCAL, KOHA] 0
952 ## - LOCATION AND ITEM INFORMATION (KOHA)
Withdrawn status [LOCAL, KOHA] 0
952 ## - LOCATION AND ITEM INFORMATION (KOHA)
Withdrawn status [LOCAL, KOHA] 0
952 ## - LOCATION AND ITEM INFORMATION (KOHA)
Withdrawn status [LOCAL, KOHA] 0
952 ## - LOCATION AND ITEM INFORMATION (KOHA)
Withdrawn status [LOCAL, KOHA] 0
952 ## - LOCATION AND ITEM INFORMATION (KOHA)
Withdrawn status [LOCAL, KOHA] 0
952 ## - LOCATION AND ITEM INFORMATION (KOHA)
Withdrawn status [LOCAL, KOHA] 0
952 ## - LOCATION AND ITEM INFORMATION (KOHA)
Withdrawn status [LOCAL, KOHA] 0
952 ## - LOCATION AND ITEM INFORMATION (KOHA)
Withdrawn status [LOCAL, KOHA] 0
952 ## - LOCATION AND ITEM INFORMATION (KOHA)
Withdrawn status [LOCAL, KOHA] 0
952 ## - LOCATION AND ITEM INFORMATION (KOHA)
Withdrawn status [LOCAL, KOHA] 0
952 ## - LOCATION AND ITEM INFORMATION (KOHA)
Withdrawn status [LOCAL, KOHA] 0
952 ## - LOCATION AND ITEM INFORMATION (KOHA)
Withdrawn status [LOCAL, KOHA] 0
Holdings
Permanent Location Date acquired Koha item type Lost status Shelving location Barcode Current Location Full call number
Library Block B2016-10-26AGR B518 Library Block BAGR LYB 2015 B518 Or.
Library Block B2016-10-26AGR B518 Library Block BAGR LYB 2015 B518 Or.
Library Block B2016-10-26AGR B518 Library Block BAGR LYB 2015 B518 Or.
Library Block B2016-10-26AGR B518 Library Block BAGR LYB 2015 B518 Or.
Library Block B2016-10-26AGR B518 Library Block BAGR LYB 2015 B518 Or.
Library Block B2016-10-26AGR B518 Library Block BAGR LYB 2015 B518 Or.
Library Block B2016-10-26AGR B518 Library Block BAGR LYB 2015 B518 Or.
Library Block B2016-10-26AGR B518 Library Block BAGR LYB 2015 B518 Or.
Library Block B2016-10-26AGR B518 Library Block BAGR LYB 2015 B518 Or.
Library Block B2016-10-26AGR B518 Library Block BAGR LYB 2015 B518 Or.
Library Block B2016-10-26AGR B518 Library Block BAGR LYB 2015 B518 Or.
Library Block B2016-10-26AGR B518 Library Block BAGR LYB 2015 B518 Or.
Library Block B2016-10-26AGR B518 Library Block BAGR LYB 2015 B518 Or.
Library Block B2016-10-26AGR B518 Library Block BAGR LYB 2015 B518 Or.
Library Block B2016-10-26AGR B518 Library Block BAGR LYB 2015 B518 Or.
Library Block B2016-10-26AGR B518 Library Block BAGR LYB 2015 B518 Or.
Library Block B2021-09-28AGR B691A067700Library Block BAGR LYB 2015 B691 Or.
Library Block B2021-09-28AGR B691A066208Library Block BAGR LYB 2015 B691 Or.
មជ្ឈមណ្ឌលឯការនៃសាកលវិទ្យាល័យភូមិន្ទកសិកម្មចំការដូង

Powered by Koha